| 000 | nam a22 7a 4500 | ||
|---|---|---|---|
| 999 |
_c126542 _d126542 |
||
| 008 | 170725b xxu||||| |||| 00| 0 eng d | ||
| 050 | _aU55.R6Y6 1950 | ||
| 100 |
_aYoung, Desmond _933506 |
||
| 245 |
_aRommel _c/ Desmond, Young |
||
| 260 |
_aLondon _bCollins _c1950 |
||
| 300 |
_a288p. ; _c22cm. |
||
| 600 |
_aRommel, Erwin _933507 |
||
| 942 |
_2lcc _cMONOGRAPH |
||